Possible India: (Record no. 35136)

000 -LEADER
fixed length control field 00407nam a22001571a 4500
020 ## - INTERNATIONAL STANDARD BOOK NUMBER
ISBN 9780195647662
082 ## - DEWEY DECIMAL CLASSIFICATION NUMBER
Classification number 320.9
Item number PAR/P
100 ## - MAIN ENTRY--AUTHOR NAME
Personal name Partha Chatterjee
245 ## - TITLE STATEMENT
Title Possible India:
Sub Title essays in political criticism/
Statement of responsibility, etc by Partha Chatterjee
260 ## - PUBLICATION, DISTRIBUTION, ETC. (IMPRINT)
Year of publication 1999.
Place of publication
Name of publisher
300 ## - PHYSICAL DESCRIPTION
Number of Pages 301p.
650 ## - SUBJECT ADDED ENTRY--TOPICAL TERM
Topical Term Political Conditions
650 ## - SUBJECT ADDED ENTRY--TOPICAL TERM
Topical Term Political Science
650 ## - SUBJECT ADDED ENTRY--TOPICAL TERM
Topical Term Social Sciences
942 ## - ADDED ENTRY ELEMENTS (KOHA)
Koha item type Book
Holdings
Withdrawn status Lost status Damaged status Not for loan Permanent Location Current Location Date acquired Cost, normal purchase price Full call number Accession Number Cost, replacement price Price effective from Koha item type
        Sree Sankaracharya University of Sanskrit Sree Sankaracharya University of Sanskrit 08.01.2015 200.00 320.9 PAR/P 016632 0.00 08.01.2015 Book